Racionalizácia logistických procesov vo vybranom podniku

Gespeichert in:
Bibliographische Detailangaben
1. Verfasser: Špotáková, Kristína (Verfasst von)
Weitere Verfasser: Kuperová, Martina (Betreuung Doktorarbeit)
Format: Manuskript Buch
Sprache:Slowakisch
Veröffentlicht: 2017
Schlagworte:
Online-Zugang:http://is.stuba.sk/zp/portal_zp.pl?podrobnosti=128684
Tags: Tag hinzufügen
Keine Tags, Fügen Sie das erste Tag hinzu!

MARC

LEADER 00000ntm a22000003a 4500
001 stuzp61428
003 SK-STU
005 20170610210418.5
007 ta
008 150427s2015----xo-----f-mn---000-0-slo-d
040 |a STU  |b slo 
041 0 |a slo 
100 1 |a Špotáková, Kristína  |u 902024  |4 aut  |U Ústav manažmentu STU  |T ÚM - Oddelenie manažmentu chemických a potravinárskych technológií  |X 61894  |U R2024  |Y 408  |7 61894 
242 0 1 |a Rationalization of logistics processes in the selected company  |y eng 
245 1 0 |a Racionalizácia logistických procesov vo vybranom podniku 
260 |c 2017 
650 4 |a logistika  |2 slo 
650 4 |a distribučné logistika  |2 slo 
650 4 |a náklady  |2 slo 
650 4 |a skladové hospodárstvo  |2 slo 
650 4 |a SWOT analýza  |2 slo 
650 4 |a racionalizácia  |2 slo 
650 4 |a logistics  |2 eng 
650 4 |a distribution logistics  |2 eng 
650 4 |a warehousing  |2 eng 
650 4 |a costs  |2 eng 
650 4 |a SWOT analysis  |2 eng 
650 4 |a rationalization  |2 eng 
700 1 |a Kuperová, Martina  |u 902024  |k Z1  |4 ths  |U Ústav manažmentu STU  |T ÚM - Oddelenie manažmentu chemických a potravinárskych technológií  |X 1717  |U R2024  |Y 408  |7 A000001717 
856 4 |u http://is.stuba.sk/zp/portal_zp.pl?podrobnosti=128684